The Riverside Shakespeare /

Bibliographic Details
Main Author: Shakespeare, William, 1564-1616
Other Authors: Evans, G. Blakemore (Gwynne Blakemore), 1912-2005
Format: Book
Language:English
Published: Boston : Houghton Mifflin, [1974]

MARC

Tag First Indicator Second Indicator Subfields
LEADER 00000cam a2200000 a 4500
001 in00001313521
005 20151005062540.0
008 941026s1974 maua 001 0 eng d
010 |z  73010712  
020 |z 0395044022 
035 |a (OCoLC)31359686 
035 |9 AHB7341AM 
040 |a FYM  |c FYM  |d IAO  |d TXA  |d UtOrBLW 
049 |a TXAM 
090 |a PR2754  |b .E9 1974 
092 |a 822.33  |b JE92r, 1974 
100 1 |a Shakespeare, William,  |d 1564-1616. 
240 1 0 |a Works.  |f 1974 
245 1 4 |a The Riverside Shakespeare /  |c textual editor, G. Blakemore Evans ; general introduction, Harry Levin [and others] ; with an essay on stage history by Charles H. Shattuck. 
264 1 |a Boston :  |b Houghton Mifflin,  |c [1974] 
264 4 |c ©1974 
300 |a xvi, 1927 pages, 31 unnumbered pages of plates :  |b illustrations (some color) ;  |c 26 cm. 
336 |a text  |b txt  |2 rdacontent 
337 |a unmediated  |b n  |2 rdamedia 
338 |a volume  |b nc  |2 rdacarrier 
504 |a Bibliography (pages 1895-1905). 
500 |a Includes indexes to characters in the plays, to first lines of the sonnets, The Passionate Pilgrim, and the songs. 
500 |a "Selected glossary" (pages 1919-1927). 
505 1 |a Comedies -- Histories -- Tragedies -- Romances -- Poems -- Appendix A. Shakespeare's plays in performance, from 1660 to the present -- Appendix B. Records, documents, and allusions -- Appendix C. Annals. 
700 1 |a Evans, G. Blakemore  |q (Gwynne Blakemore),  |d 1912-2005. 
999 |a MARS 
999 f f |s 155f6e71-2611-3f7e-b3ef-9cdc2c56828c  |i b28fe4a2-26df-3005-9164-faa7148fc4ce  |t 0 
952 f f |p normal  |a Texas A&M University  |b College Station  |c Sterling C. Evans Library  |d Evans: Library Stacks  |t 0  |e PR2754 .E9 1974  |h Library of Congress classification  |i unmediated -- volume  |m A14820258947 
998 f f |a PR2754 .E9 1974  |t 0  |l Evans: Library Stacks